000 00793cam a22003015a 4500
001 16311516
003 OSt
005 20140310182902.0
008 100701s2010 ph a 000 0 eng
010 _a 2010338622
020 _a9789719484905
040 _aDLC
_cDLC
_dDLC
042 _alcode
043 _aa-ph---
050 _aPN 5426
_b.P227 2010
082 _aFIL 959.904
_b.P227 2010
100 1 _aParedes, Joel C.
245 1 0 _aCritical times
_cParedes, Joel C.
260 _aQuezon City, Philippines
_bPeople & Advocacy
_cc2010
300 _a300 p.
_bill.
_c22 cm.
521 _aCollege
526 _c1210L-1700L
541 _j1
562 _e1
906 _a7
_bpar
_corigode
_d3
_encip
_f20
_gy-gencatlg
942 _2lcc
_cBK
_kFIL
999 _c17114
_d17114